Series navarras de precios de cereales, 1589-1841 / (Record no. 15695)
[ view plain ]
| 000 -LEADER | |
|---|---|
| campo de control de longitud fija | 00916nam a2200265 i 4500 |
| 001 - NÚMERO DE CONTROL | |
| campo de control | 15695 |
| 003 - IDENTIFICADOR DE NÚMERO DE CONTROL | |
| campo de control | ES-MaACL |
| 005 - FECHA Y HORA DE LA ÚLTIMA TRANSACCIÓN | |
| campo de control | 20250630032856.0 |
| 007 - CAMPO FIJO DE DESCRIPCIÓN FÍSICA--INFORMACIÓN GENERAL | |
| campo de control de longitud fija | t| |
| 008 - DATOS DE LONGITUD FIJA--INFORMACIÓN GENERAL | |
| campo de control de longitud fija | 000504s1989 sp ||||0| spa d |
| 016 7# - NÚMERO DE CONTROL DE UNA AGENCIA BIBLIOGRÁFICA NACIONAL | |
| Número de control cancelado/no válido | CEN920048987 |
| 020 ## - NÚMERO INTERNACIONAL ESTÁNDAR DEL LIBRO | |
| Número Internacional Estándar del Libro | 84-7793-024-4 |
| 040 ## - FUENTE DE CATALOGACIÓN | |
| Centro catalogador/agencia de origen | M-BN |
| Lengua de catalogación | spa |
| Centro/agencia transcriptor | CEN |
| 080 ## - NÚMERO DE LA CLASIFICACIÓN DECIMAL UNIVERSAL | |
| Número de la Clasificación Decimal Universal | 633.1(460.16)"1589/1841":338.5 |
| 100 1# - ENTRADA PRINCIPAL--NOMBRE DE PERSONA | |
| Nombre de persona | Arizcun Cela, Alejandro. |
| 9 (RLIN) | 22878 |
| 245 10 - MENCIÓN DEL TÍTULO | |
| Título | Series navarras de precios de cereales, 1589-1841 / |
| Mención de responsabilidad, etc. | Alejandro Arizcun Cela. |
| 260 ## - PUBLICACIÓN, DISTRIBUCIÓN, ETC. | |
| Lugar de publicación, distribución, etc. | Madrid : |
| Nombre del editor, distribuidor, etc. | Banco de España, Servicio de Estudios, |
| Fecha de publicación, distribución, etc. | D.L. 1989. |
| 300 ## - DESCRIPCIÓN FÍSICA | |
| Extensión | 110 p. ; |
| Dimensiones | 24 cm. |
| 490 1# - MENCIÓN DE SERIE | |
| Mención de serie | Estudios de historia económica ; |
| Designación de volumen o secuencia | 18 |
| 650 14 - PUNTO DE ACCESO ADICIONAL DE MATERIA--TÉRMINO DE MATERIA | |
| Término de materia o nombre geográfico como elemento de entrada | Cereales- |
| Subdivisión general | Precios- |
| Subdivisión geográfica | Navarra (Comunidad Autónoma)- |
| Subdivisión cronológica | S.XVI-XIX. |
| 9 (RLIN) | 10902 |
| 710 20 - ENTRADA AGREGADA--NOMBRE DE ENTIDAD CORPORATIVA | |
| Nombre de entidad corporativa o nombre de jurisdicción como elemento de entrada | Banco de España |
| 9 (RLIN) | 2104 |
| 830 0# - PUNTO DE ACCESO ADICIONAL DE SERIE-TÍTULO UNIFORME | |
| Título uniforme | Estudios de historia económica ; |
| Designación de volumen o secuencia | 18 |
| 9 (RLIN) | 179607 |
| 852 ## - LOCALIZACIÓN | |
| Ubicación | ES-MaACL |
| Número de control de estantería | L-22988 |
| Sublocalización o colección | R.117008 |
| Estatus retirado | Estado de pérdida | Estado de daño | No para préstamo | Biblioteca de origen | Biblioteca actual | Ubicación en estantería | Fecha de adquisición | Fuente de adquisición | Total de préstamos | Signatura topográfica completa | Código de barras | Visto por última vez | Precio de reemplazo | Tipo de ítem Koha |
|---|---|---|---|---|---|---|---|---|---|---|---|---|---|---|
| Biblioteca del Ateneo de Madrid | Biblioteca del Ateneo de Madrid | Depósito 2 | 17/01/2008 | L-22988 | 1015954 | 23/02/2023 | 23/02/2023 | Libro impreso |
